Návrh zlepšení v oblasti interných smerníc pre vedenie účtovníctva INVENSYS ELEKTRONIKA SLOVENSKO, a. s. Trnava = Proposal for improvements to make internal company directives more effective in conditions of INVENSYS ELEKTRONIKA SLOVENSKO, Joint Stock Company Trnava : Diplomová práca

Na minha lista:
Detalhes bibliográficos
Autor principal: Zaťková, Katarína (Author)
Outros Autores: Horváthová, Martina, 1971- (xxx)
Formato: Manuscrito Livro
Idioma:eslovaco
Publicado em: Trnava : STU v Bratislave MTF UPMK, 2009
Assuntos:
Tags: Adicionar Tag
Sem tags, seja o primeiro a adicionar uma tag!

MARC

LEADER 00000ntm a22000003a 4500
001 stu187453
005 20160719160119.8
008 090714s2009----xo------------------slo-d
040 |a STU  |b slo 
041 0 |a slo 
044 |a xo 
100 1 |a Zaťková, Katarína  |4 aut 
245 1 |a Návrh zlepšení v oblasti interných smerníc pre vedenie účtovníctva INVENSYS ELEKTRONIKA SLOVENSKO, a. s. Trnava = Proposal for improvements to make internal company directives more effective in conditions of INVENSYS ELEKTRONIKA SLOVENSKO, Joint Stock Company Trnava :  |b Diplomová práca 
260 |a Trnava :  |b STU v Bratislave MTF UPMK,  |c 2009 
300 |a 84 s  |c Prílohy, 1 CD-ROM 
500 |a Študijný program: priemyselné manažérstvo 
500 |a Študijný odbor: 5.2.52 priemyselné inžinierstvo 
650 7 |a účtovníctvo  |2 stusub 
650 7 |a účtovná jednotka  |2 stusub 
650 7 |a vnútropodniková smernica  |2 stusub 
700 1 |a Horváthová, Martina,  |d 1971-  |4 xxx  |u M4000  |U MTF Materiálovotechnologická fakulta  |T MTF Ústav priemyselného inžinierstva a manažmentu  |X 1507  |U M4000  |Y 84  |7 A000001507 
996 |b 284M070781  |c M*DP-8116  |l MMSKP  |s P  |a 0  |w stu187453_0001